000 00761nam a2200205Ia 4500
999 _c37868
_d37868
001 3846
003 GE_BSU
005 20190820171810.0
008 181216s1985||||ge |||||||||||||| ||geo||
040 _cGE_BSU
041 _ageo
080 _a124.5 შ–96
100 _aშუშანაშვილი, გ.
_93711
245 _aღირებულების ფილოსოფიური ცნება /
_cსაქ. სსრ. მეცნ. აკად. ფილოსოფიის ინ–ტი.
264 _a თბ. :
_bმეცნიერება,
_c1985.
300 _a112 გვ. ;
_b21 სმ.
653 _aღირებულება
710 _aფილოსოფიის ინ-ტი.
_93712
942 _cBK
_2udc